Nacido y Criado: (Record no. 1754)

MARC details
000 -LEADER
campo de control de longitud fija 01015nam a22001337a 4500
008 - DATOS DE LONGITUD FIJA--INFORMACIÓN GENERAL
campo de control de longitud fija 190327b xxu||||| |||| 00| 0 eng d
082 ## - NÚMERO DE LA CLASIFICACIÓN DECIMAL DEWEY
Número de clasificación 741.9
Número de ítem N124n
100 ## - ENTRADA PRINCIPAL--NOMBRE DE PERSONA
Nombre de persona Brigada de dibujantes
9 (RLIN) 6971
245 ## - MENCIÓN DEL TÍTULO
Título Nacido y Criado:
Resto del título tentativas para entrar al barrio Cuba
260 ## - PUBLICACIÓN, DISTRIBUCIÓN, ETC.
Lugar de publicación, distribución, etc. Guayaquil, Ecuador
Nombre del editor, distribuidor, etc. UArte Ediciones
-- 4ta Pared, Galería de Arte Contemporáneo
Fecha de publicación, distribución, etc. 2018
300 ## - DESCRIPCIÓN FÍSICA
Extensión 352 p.
Otras características físicas il. (col)
Dimensiones 20 x 21 cm
505 ## - NOTA DE CONTENIDO CON FORMATO
Título Agradecimientos
-- Introducción
-- Andar, conversar, dibujo. Brigada de dibujantes: la experiencia colectiva de dar imágenes a un mundo
Mención de responsabilidad Lupe Alvarez Pomares
Título DERIVAS CON ESTUDIANTES/ CONTACTO UNO
-- Estrategias de diálogo
-- Diario de campo - bitácoras
-- NO UNO, SINO TRES BARRIOS / INTERPRETANDO LOS LIMITES
-- EL REGRESO CON OTROS NOMBRES / CONTACTO DOS
-- Crónica del Barrio Cuba
Mención de responsabilidad Francisco Santana
Título Mapa del barrio
Mención de responsabilidad don Segundo Tábara
Título DOCUMENTOS
-- Remembranzas del Barrio Cuba
Mención de responsabilidad Guillermo Morán
650 ## - PUNTO DE ACCESO ADICIONAL DE MATERIA--TÉRMINO DE MATERIA
Subdivisión general arte contemporáneo
-- dibujo
-- arte - mural
-- Barrio Cuba
-- Ecuador
9 (RLIN) 6972
Holdings
Estatus retirado Estado de pérdida Fuente del sistema de clasificación o colocación Estado de daño No para préstamo Biblioteca de origen Biblioteca actual Ubicación en estantería Fecha de adquisición Total de préstamos Signatura topográfica completa Código de barras Visto por última vez Precio de reemplazo Tipo de ítem Koha
    Clasificación Decimal Dewey     Biblioteca LadoV Biblioteca LadoV   27/03/2019   741.9 N124n 004764 27/03/2019 27/03/2019 Material 01